[Event "Eesti MV valik"]
[Site "?"]
[Date "2004.??.??"]
[Round "?"]
[White "Muutnik, Valdo"]
[Black "Volodin, Aleksander"]
[Result "0-1"]
[WhiteElo "2180"]
[BlackElo "2180"]
[PlyCount "62"]
[EventDate "2004.??.??"]

1. d4 f5 2. g3 g6 3. Bg2 Bg7 4. Nf3 Nf6 5. O-O d6 6. c4 O-O 7. Nc3 Qe8 8. d5 a5
9. Nd4 Na6 10. Rb1 Bd7 11. b3 c6 12. Na4 c5 13. Ne6 Bxe6 14. dxe6 Rb8 15. Nb6
Qd8 16. Nd5 Nxd5 17. cxd5 b5 18. a3 b4 19. a4 c4 20. bxc4 Qc7 21. Be3 Qxc4 22.
Rc1 Bc3 23. Bh6 Rfc8 24. e4 fxe4 25. Qg4 Nc5 26. Qf4 Rf8 27. Bxf8 Rxf8 28. Qh4
Rf6 29. Rcd1 Qe2 30. Kh1 Nd3 31. Bxe4 Rxf2 0-1

[Event "Eesti MV valik"]
[Site "?"]
[Date "2004.??.??"]
[Round "?"]
[White "Kuusk, Andres"]
[Black "Vovk, Ilja"]
[Result "1/2-1/2"]
[WhiteElo "2186"]
[BlackElo "2177"]
[PlyCount "122"]

1. e4 c5 2. Nf3 d6 3. d4 cxd4 4. Nxd4 Nf6 5. Nc3 a6 6. Be3 e5 7. Nb3 Be7 8. f3
O-O 9. Qd2 Be6 10. g4 d5 11. Bc5 d4 12. Ne2 Nc6 13. Ng3 a5 14. Bxe7 Qxe7 15.
Nc1 a4 16. a3 Na5 17. Nd3 Qc7 18. Nb4 Nd7 19. Nf5 Bxf5 20. Nd5 Qc5 21. gxf5 f6
22. Bd3 Nc4 23. Bxc4 Qxc4 24. Rg1 Rf7 25. Rg2 b5 26. Kf2 Qc5 27. Kg3 Nb6 28.
Nxb6 Qxb6 29. h4 Rc8 30. Kh3 Kh8 31. Rag1 Qc6 32. h5 Qd7 33. Kh4 h6 34. Rg6 Qe7
35. Qd3 b4 36. axb4 Qxb4 37. R1g2 Qxb2 38. Qa6 Qc3 39. R6g3 Qc6 40. Qd3 Qd6 41.
Qb5 a3 42. Qb3 Ra7 43. Rg1 Rb8 44. Qc4 Qf8 45. Ra1 Qg8 46. Qc5 Rba8 47. f4 exf4
48. Rgxa3 Rxa3 49. Rxa3 Rxa3 50. Qxa3 Qe8 51. Qd3 Qe5 52. Kg4 Kh7 53. Qf3 Qc7
54. Qd3 f3 55. Kxf3 Qh2 56. Qxd4 Qxc2 57. Qg1 Qd3+ 58. Kf4 Qd2+ 59. Kf3 Qd3+
60. Kf4 Qd2+ 61. Kf3 Qd3+ 1/2-1/2

[Event "Eesti MV valik"]
[Site "?"]
[Date "2004.??.??"]
[Round "?"]
[White "Firstov, Juri"]
[Black "Peleshev, Leonid"]
[Result "0-1"]
[WhiteElo "2162"]
[BlackElo "2195"]
[PlyCount "74"]

1. Nf3 g6 2. d4 Nf6 3. c4 Bg7 4. Nc3 O-O 5. e4 d6 6. Be2 e5 7. d5 Nbd7 8. O-O
Nc5 9. Nd2 a5 10. Rb1 c6 11. b3 Bh6 12. Qc2 Bd7 13. a3 cxd5 14. cxd5 Rc8 15.
Nc4 Bxc1 16. Rfxc1 Ne8 17. b4 axb4 18. axb4 Na6 19. Qb2 f5 20. Ra1 fxe4 21.
Nxe4 Bf5 22. Nc3 Nf6 23. Nb5 Ne8 24. Rc3 Be4 25. Ne3 Rxc3 26. Nxc3 Bf5 27. Bxa6
bxa6 28. Rxa6 Bd3 29. b5 Ng7 30. Qa3 Qh4 31. Qb2 Nh5 32. Rxd6 Nf4 33. b6 Ne2+
34. Qxe2 Bxe2 35. g3 Qe7 36. Re6 Qf7 37. Ng4 Bxg4 0-1

[Event "Eesti MV valik"]
[Site "?"]
[Date "2004.??.??"]
[Round "?"]
[White "Korstin, Maris"]
[Black "Soot, Margus"]
[Result "1-0"]
[WhiteElo "2208"]
[BlackElo "2162"]
[PlyCount "83"]

1. g3 d5 2. Bg2 Nf6 3. Nf3 e6 4. O-O Be7 5. d3 b6 6. c4 Bb7 7. b3 O-O 8. Bb2 c5
9. cxd5 Nxd5 10. Nbd2 Nd7 11. Rc1 b5 12. d4 Rc8 13. a3 a6 14. dxc5 Bxc5 15. Ne4
Be7 16. Qd4 N7f6 17. Rxc8 Qxc8 18. Rc1 Qa8 19. Nc5 Rd8 20. Nxb7 Qxb7 21. Ne5
Rc8 22. Qd2 h6 23. Rc2 Rxc2 24. Qxc2 Nd7 25. Nd3 Bf8 26. b4 N7b6 27. e4 Nc7 28.
Ne5 Nc4 29. Nxc4 bxc4 30. Qxc4 a5 31. Be5 Nb5 32. bxa5 Nxa3 33. Qd3 Qa7 34. Bc3
Qc5 35. Bf1 e5 36. a6 Kh7 37. Bb2 Qa5 38. Qc3 Qa4 39. Qxe5 Nc4 40. Bxc4 Qxc4
41. a7 Qa2 42. Bd4 1-0

[Event "Eesti MV valik"]
[Site "?"]
[Date "2004.??.??"]
[Round "?"]
[White "Jemeljanov, Anatoli"]
[Black "Syskov, Vjacheslav"]
[Result "1-0"]
[WhiteElo "2153"]
[BlackElo "2215"]
[PlyCount "65"]

1. d4 Nf6 2. c4 e6 3. Nf3 b6 4. e3 Bb7 5. Nc3 Bb4 6. Qb3 c5 7. Bd2 O-O 8. dxc5
Bxc5 9. Na4 Be7 10. Be2 d5 11. c5 Nbd7 12. cxb6 axb6 13. O-O Ne4 14. Rfd1 Bd6
15. Be1 Qe7 16. Nc3 Rfc8 17. a3 Ndc5 18. Qa2 Nxc3 19. Bxc3 Bc6 20. b4 Ne4 21.
Be1 Qf6 22. Rdc1 Ba4 23. Nd4 Be5 24. Qb2 Bd7 25. Rxc8+ Rxc8 26. a4 Nd6 27. a5
bxa5 28. bxa5 Nf5 29. Rd1 Qh6 30. g3 Qh3 31. Qb7 Bxd4 32. Qxd7 Rb8 33. exd4 1-0

[Event "Eesti MV valik"]
[Site "?"]
[Date "2004.??.??"]
[Round "?"]
[White "Lelumees, Brait"]
[Black "Siemer, Tambet"]
[Result "0-1"]
[WhiteElo "2216"]
[BlackElo "2143"]
[PlyCount "52"]

1. e4 c6 2. d4 d5 3. exd5 cxd5 4. c4 Nf6 5. Nc3 dxc4 6. Bxc4 e6 7. Nf3 Be7 8.
O-O O-O 9. a3 Nc6 10. b4 b6 11. Re1 Bb7 12. Bf4 Rc8 13. Qd3 Bxb4 14. Rec1 Bxc3
15. Rxc3 Na5 16. Ba2 Rxc3 17. Qxc3 Bxf3 18. gxf3 Nd5 19. Qd2 Qf6 20. Bxd5 exd5
21. Rd1 Nc4 22. Qc1 Nxa3 23. Qc7 Nc4 24. Kg2 a5 25. Bg3 a4 26. Qd7 Qe6 0-1

[Event "Eesti MV valik"]
[Site "?"]
[Date "2004.??.??"]
[Round "?"]
[White "Jeremejev, Anton"]
[Black "Karjakin, Sergei"]
[Result "1-0"]
[WhiteElo "2217"]
[BlackElo "2139"]
[PlyCount "73"]

1. e4 c5 2. Nf3 d6 3. c3 Nf6 4. Be2 Bg4 5. O-O e6 6. h3 Bh5 7. Re1 Nc6 8. d4 d5
9. exd5 Qxd5 10. c4 Qd7 11. g4 Bg6 12. Ne5 Nxe5 13. dxe5 Qxd1 14. Rxd1 Nd7 15.
f4 O-O-O 16. Be3 f6 17. exf6 gxf6 18. Nc3 Be7 19. Bf3 h5 20. Nb5 hxg4 21. hxg4
a6 22. Nd6+ Bxd6 23. Rxd6 Rh3 24. Kg2 Rdh8 25. Bg1 e5 26. f5 Be8 27. Rad1 Kc7
28. Re6 R3h4 29. Bf2 Rh2+ 30. Kg1 R2h7 31. b3 Rg7 32. Kf1 e4 33. Rxe4 Ne5 34.
Bg3 Rh3 35. Bxe5+ fxe5 36. Kg2 Rh4 37. Kg3 1-0

[Event "Eesti MV valik"]
[Site "?"]
[Date "2004.??.??"]
[Round "?"]
[White "Pahkla, Peeter"]
[Black "Shlykov, Vitali"]
[Result "0-1"]
[WhiteElo "2136"]
[BlackElo "2219"]
[PlyCount "64"]

1. e4 e6 2. d4 d5 3. e5 c5 4. Nf3 cxd4 5. Nxd4 Nc6 6. Nxc6 bxc6 7. Bd3 Ne7 8.
O-O c5 9. b3 Nc6 10. f4 Be7 11. Nd2 Bb7 12. f5 exf5 13. Bxf5 Nd4 14. Bd3 O-O
15. c3 Ne6 16. Qh5 g6 17. Qg4 h5 18. Qe2 Bg5 19. g3 c4 20. bxc4 dxc4 21. Be4
Bxd2 22. Bxb7 Qb6+ 23. Rf2 Bxc3 24. Bxa8 Bxa1 25. Be3 Bd4 26. Bxd4 Nxd4 27. Qe4
c3 28. Kg2 c2 29. Rf1 Qb2 30. Kh3 c1=Q 31. Rf6 Qg5 32. Bd5 Qg4+ 0-1

[Event "Eesti MV valik"]
[Site "?"]
[Date "2004.??.??"]
[Round "?"]
[White "Dubrovin, Robert"]
[Black "Hansumae, Juri"]
[Result "1-0"]
[WhiteElo "2219"]
[BlackElo "2137"]
[PlyCount "81"]

1. e4 Nf6 2. e5 Nd5 3. d4 d6 4. c4 Nb6 5. Nf3 Bg4 6. exd6 cxd6 7. Be2 Nc6 8. b3
d5 9. c5 Nd7 10. Nc3 e6 11. a3 Be7 12. b4 a6 13. h3 Bxf3 14. Bxf3 Bf6 15. Be3
O-O 16. Rc1 Bg5 17. Qd2 Bxe3 18. fxe3 Qf6 19. O-O Qh6 20. Rc2 g6 21. e4 Qg7 22.
Rd1 e5 23. exd5 Nxd4 24. Rb2 f5 25. d6 Nxf3+ 26. gxf3 Nf6 27. Nd5 Nxd5 28.
Qxd5+ Kh8 29. Re2 Rae8 30. d7 Rd8 31. Qxe5 Qxe5 32. Rxe5 Kg7 33. a4 Rf7 34.
Red5 Re7 35. Kf2 Kf7 36. b5 axb5 37. axb5 Re6 38. Rc1 Ke7 39. c6 bxc6 40. bxc6
Ra8 41. c7 1-0

[Event "Eesti MV valik"]
[Site "?"]
[Date "2004.??.??"]
[Round "?"]
[White "Kuusk, Indrek"]
[Black "Siil, Marko"]
[Result "1-0"]
[WhiteElo "2248"]
[BlackElo "2136"]
[PlyCount "45"]

1. d4 Nf6 2. c4 e5 3. dxe5 Ng4 4. Nf3 Bc5 5. e3 Nc6 6. Nc3 Ncxe5 7. Nxe5 Nxe5
8. Be2 O-O 9. a3 a5 10. O-O Re8 11. Rb1 Ra6 12. b4 axb4 13. axb4 Bf8 14. f4 Ng6
15. Bd3 d6 16. Qf3 Nh4 17. Qf2 c6 18. f5 g6 19. e4 gxf5 20. exf5 Re5 21. Qg3+
Kh8 22. Bg5 Be7 23. Bxe7 1-0

[Event "Eesti MV valik"]
[Site "?"]
[Date "2004.??.??"]
[Round "?"]
[White "Narva, Regina"]
[Black "Tsiganova, Monika"]
[Result "1-0"]
[WhiteElo "2084"]
[BlackElo "2289"]
[PlyCount "98"]

1. e4 c6 2. d4 d5 3. f3 g6 4. e5 Bg7 5. f4 Nh6 6. Be2 Bf5 7. Nf3 Be4 8. O-O Qb6
9. c3 c5 10. dxc5 Qxc5+ 11. Qd4 Qc7 12. Nbd2 Nc6 13. Bb5 O-O 14. Bxc6 Bxf3 15.
Bxb7 Bxg2 16. Bxa8 Nf5 17. Qf2 Bxf1 18. Bxd5 Ba6 19. Ne4 Rd8 20. Bb3 Bb7 21.
Bc2 Qc4 22. b3 Rd1+ 23. Bxd1 Qxe4 24. Bf3 Qxf3 25. Qxf3 Bxf3 26. Kf2 Bc6 27.
Be3 g5 28. Bxa7 gxf4 29. Re1 h5 30. a4 e6 31. a5 Bf8 32. a6 Be7 33. Rg1+ Kf8
34. c4 Bh4+ 35. Kf1 Ne3+ 36. Bxe3 fxe3 37. Ke2 Be7 38. Rb1 Be4 39. Rb2 Bc5 40.
b4 Bd4 41. Ra2 Bxe5 42. Kxe3 Ba8 43. c5 Ke7 44. b5 Kd7 45. Rd2+ Kc8 46. b6 Bc6
47. a7 f5 48. Ra2 f4+ 49. Kd3 f3 1-0

[Event "Eesti MV valik"]
[Site "?"]
[Date "2004.??.??"]
[Round "?"]
[White "Valner, Uku"]
[Black "Kunitsyn, Nikolai"]
[Result "1-0"]
[WhiteElo "1947"]
[BlackElo "2065"]
[PlyCount "53"]

1. e4 c5 2. Nc3 g6 3. g3 Bg7 4. Bg2 e6 5. f4 Ne7 6. Nf3 Nbc6 7. O-O O-O 8. d3
d5 9. Bd2 Rb8 10. h3 b5 11. Rb1 b4 12. Ne2 Ba6 13. e5 f6 14. exf6 Bxf6 15. g4
e5 16. fxe5 Nxe5 17. Nf4 Qd6 18. Re1 Rbe8 19. Nxe5 Bxe5 20. Ne2 Nc6 21. Bh6
Bh2+ 22. Kh1 Rf7 23. Nf4 Rxe1+ 24. Qxe1 Re7 25. Qf2 Bxf4 26. Bxf4 Qd7 27. Qxc5
1-0

[Event "Eesti MV valik"]
[Site "?"]
[Date "2004.??.??"]
[Round "?"]
[White "Gjulumjan, Artur"]
[Black "Zjukin, Sergei"]
[Result "0-1"]
[WhiteElo "1994"]
[BlackElo "2377"]
[PlyCount "40"]

1. e4 e5 2. Nf3 Nc6 3. d4 exd4 4. Nxd4 Nf6 5. Nxc6 bxc6 6. e5 Qe7 7. Qe2 Nd5 8.
g3 g6 9. Bg2 Bg7 10. O-O O-O 11. Nc3 Nxc3 12. bxc3 Qxe5 13. Qxe5 Bxe5 14. Bh6
Bxc3 15. Rab1 Re8 16. Rb3 Bg7 17. Bf4 Ba6 18. Rd1 Bc4 19. Bxc7 Bxb3 20. cxb3 d5
0-1

[Event "Eesti MV valik"]
[Site "?"]
[Date "2004.??.??"]
[Round "?"]
[White "Zhavoronkov, Vladimir"]
[Black "Kukk, Sander"]
[Result "1-0"]
[WhiteElo "2397"]
[BlackElo "1989"]
[PlyCount "71"]

1. e4 c5 2. Nf3 d6 3. d4 cxd4 4. Nxd4 Nf6 5. Nc3 g6 6. Be3 Bg7 7. f3 O-O 8. Qd2
Nc6 9. g4 Nxd4 10. Bxd4 Be6 11. h4 a6 12. h5 b5 13. Bd3 Bc4 14. Bxc4 bxc4 15.
O-O-O Qa5 16. Bxf6 Bxf6 17. Nd5 Qxa2 18. Nxf6+ exf6 19. Qh6 g5 20. Qxf6 h6 21.
f4 Rab8 22. fxg5 Qa1+ 23. Kd2 Qa5+ 24. Ke3 Qxg5+ 25. Qxg5+ hxg5 26. Rxd6 Rxb2
27. Kd2 Ra2 28. Re1 f6 29. Rf1 Kg7 30. e5 c3+ 31. Kd3 Ra4 32. exf6+ Kh8 33. Rd4
Ra5 34. f7 Re5 35. Re4 Rd5+ 36. Kc4 1-0

[Event "Eesti MV valik"]
[Site "?"]
[Date "2004.??.??"]
[Round "?"]
[White "Jezov, Roman"]
[Black "Seeman, Tarvo"]
[Result "0-1"]
[WhiteElo "1986"]
[BlackElo "2449"]
[PlyCount "150"]

1. e4 c5 2. Nf3 e6 3. d4 cxd4 4. Nxd4 Nc6 5. Nc3 d6 6. Be3 Nf6 7. f4 e5 8. Nxc6
bxc6 9. fxe5 Ng4 10. Bf4 Nxe5 11. Bxe5 dxe5 12. Qxd8+ Kxd8 13. O-O-O+ Kc7 14.
Bc4 f6 15. Rd3 Be7 16. Kb1 Rb8 17. h3 Rb4 18. b3 Rb8 19. Kb2 Bd7 20. Rhd1 Rbd8
21. a3 a5 22. Ka2 Bc8 23. Rxd8 Rxd8 24. Rxd8 Kxd8 25. Bg8 Ba6 26. Bxh7 Bf1 27.
g4 Bxh3 28. Bf5 Kc7 29. Na4 Bf1 30. Kb2 Be2 31. c4 Bf8 32. Nc3 Bf3 33. Na4 Kd8
34. c5 Be2 35. b4 axb4 36. axb4 Bc4 37. Nb6 Bf7 38. Kc3 g6 39. Bd7 Kc7 40. Bc8
Bh6 41. Bd7 Be3 42. Bc8 Bf2 43. Kd2 Ba2 44. g5 fxg5 45. Bg4 Bb1 46. Nd7 Bxe4
47. Nxe5 Bg3 48. Nc4 Bf5 49. Bf3 g4 50. Bg2 Bf4+ 51. Kc3 Be6 52. Nb6 Be5+ 53.
Kd3 Bf5+ 54. Kc4 Be6+ 55. Kd3 g3 56. Na8+ Kb8 57. Nb6 Bf5+ 58. Kd2 Bf4+ 59. Kc3
Kc7 60. Nc4 Be6 61. Nb6 g5 62. Kd3 Bf5+ 63. Kc3 Bg4 64. Kd3 Bd1 65. Nc4 Ba4 66.
Ke4 Bb3 67. Nb6 Bd2 68. b5 cxb5 69. Nd5+ Kd8 70. Kf5 Bd1 71. Ke6 g4 72. c6 Ba5
73. Bf1 Bf3 74. Ne3 b4 75. Kf5 b3 0-1

[Event "Eesti MV valik"]
[Site "?"]
[Date "2004.??.??"]
[Round "?"]
[White "Veingold, Aleksander"]
[Black "Halapjan, Vitali"]
[Result "1-0"]
[WhiteElo "2473"]
[BlackElo "1920"]
[PlyCount "43"]

1. d4 Nf6 2. Nf3 c5 3. d5 e6 4. Nc3 exd5 5. Nxd5 Nxd5 6. Qxd5 d6 7. Ng5 Qf6 8.
Nxh7 Qg6 9. Nxf8 Kxf8 10. Bf4 Qxc2 11. Bxd6+ Kg8 12. Qxc5 Qxc5 13. Bxc5 Nc6 14.
e3 Be6 15. Be2 b6 16. Ba3 Rc8 17. Rc1 Ne5 18. Rxc8+ Bxc8 19. Bd6 Ng6 20. Bc4
Bb7 21. O-O Rh4 22. Rc1 1-0

[Event "Eesti MV valik"]
[Site "?"]
[Date "2004.??.??"]
[Round "?"]
[White "Volodin, Aleksander"]
[Black "Muutnik, Valdo"]
[Result "1-0"]
[WhiteElo "2180"]
[BlackElo "2180"]
[PlyCount "85"]

1. d4 Nf6 2. Bg5 g6 3. Bxf6 exf6 4. g3 Bg7 5. Bg2 f5 6. e3 c5 7. c3 Qb6 8. Qc2
O-O 9. dxc5 Qxc5 10. Ne2 Nc6 11. O-O d5 12. Nd2 Be6 13. Nb3 Qb6 14. Rfd1 Rac8
15. Rd2 Rfd8 16. Rad1 f4 17. Nxf4 Nb4 18. Qb1 Bg4 19. cxb4 Bxd1 20. Qxd1 Qxb4
21. Nxd5 Qf8 22. h4 Kh8 23. Nd4 Rc5 24. Nc3 Qe7 25. Qb3 Rd7 26. Qa3 a6 27. Kh2
Bf8 28. b4 Re5 29. Qa4 Rd8 30. a3 Qc7 31. Qb3 Bg7 32. Nd5 Qd6 33. e4 Ree8 34.
f4 f6 35. f5 Qe5 36. Qf3 Rd7 37. fxg6 hxg6 38. Qg4 Rd6 39. Qxg6 f5 40. Qxf5 Rh6
41. Qxe5 Bxe5 42. Nf5 Rc6 43. Nde7 1-0

[Event "Eesti MV valik"]
[Site "?"]
[Date "2004.??.??"]
[Round "?"]
[White "Vovk, Ilja"]
[Black "Kuusk, Andres"]
[Result "1-0"]
[WhiteElo "2177"]
[BlackElo "2248"]
[PlyCount "69"]

1. e4 c5 2. Nf3 d6 3. d4 cxd4 4. Nxd4 Nf6 5. Nc3 a6 6. Bg5 e6 7. f4 Qb6 8. Nb3
Nbd7 9. Qf3 Qc7 10. O-O-O b5 11. Bxf6 Nxf6 12. a3 Rb8 13. g4 b4 14. axb4 Rxb4
15. g5 Nd7 16. Bh3 a5 17. Rhe1 Be7 18. Nd4 Qb6 19. Nf5 Rxb2 20. Nxg7+ Kf8 21.
Nxe6+ fxe6 22. Bxe6 Nc5 23. Bxc8 Nb3+ 24. cxb3 Qxb3 25. Qd3 Qa3 26. Nb1 Qa1 27.
Be6 Rb8 28. Re2 d5 29. exd5 Rxb1+ 30. Qxb1 Qc3+ 31. Qc2 Qa1+ 32. Kd2 Qd4+ 33.
Qd3 Qxf4+ 34. Kc2 Bxg5 35. Qf5+ 1-0

[Event "Eesti MV valik"]
[Site "?"]
[Date "2004.??.??"]
[Round "?"]
[White "Peleshev, Leonid"]
[Black "Firstov, Juri"]
[Result "0-1"]
[WhiteElo "2195"]
[BlackElo "2162"]
[PlyCount "74"]

1. Nf3 Nf6 2. e3 g6 3. b4 Bg7 4. Bb2 O-O 5. Be2 d6 6. O-O e5 7. d3 Ne8 8. Qc1
f5 9. c4 g5 10. c5 g4 11. Nfd2 Rf6 12. Re1 Rh6 13. Nf1 d5 14. Nbd2 c6 15. a4
Qh4 16. Ra3 Be6 17. b5 Nd7 18. Nb3 Rb8 19. Na5 Bf7 20. Qc2 Qd8 21. Nb3 Nc7 22.
e4 fxe4 23. dxe4 Rg6 24. Ng3 d4 25. Bc4 Ne6 26. Raa1 Bf8 27. Ba3 Rc8 28. bxc6
Rxc6 29. Bd5 Rc7 30. Nf5 b6 31. c6 Nb8 32. Bxf8 Qxf8 33. Qc4 Nf4 34. Bxf7+ Qxf7
35. Qxf7+ Kxf7 36. Rac1 Rgxc6 37. g3 Rxc1 0-1

[Event "Eesti MV valik"]
[Site "?"]
[Date "2004.??.??"]
[Round "?"]
[White "Soot, Margus"]
[Black "Korstin, Maris"]
[Result "1/2-1/2"]
[WhiteElo "2162"]
[BlackElo "2208"]
[PlyCount "115"]

1. e4 c5 2. Nf3 Nc6 3. Nc3 e6 4. Be2 a6 5. a4 Nd4 6. O-O Ne7 7. h3 Nec6 8. b3
Be7 9. Bb2 O-O 10. Re1 d6 11. Bf1 Bf6 12. Nh2 g6 13. Kh1 Rb8 14. Na2 e5 15. c3
Ne6 16. b4 cxb4 17. cxb4 Qb6 18. Ng4 Bg7 19. Ne3 Nf4 20. Kh2 Be6 21. Ba3 Nd4
22. g3 Bb3 23. Qb1 Bxa2 24. Qxa2 Nf3+ 25. Kh1 Nxe1 26. Rxe1 Ne6 27. Kg2 Nd4 28.
Nc4 Qd8 29. b5 axb5 30. Nxd6 bxa4 31. Rb1 Qf6 32. Bc4 Qf3+ 33. Kg1 b5 34. Nxb5
Rfc8 35. Nxd4 Rxb1+ 36. Qxb1 Qxa3 37. Nb5 Qc5 38. d3 Rb8 39. Qf1 Rxb5 40. d4
Qxd4 41. Bxb5 Qxe4 42. Qa1 Bf8 43. Qxa4 Qxa4 44. Bxa4 Bc5 45. Kg2 Kf8 46. Kf3
Ke7 47. Bb3 f5 48. g4 Kf6 49. gxf5 gxf5 50. Bc2 h6 51. Kg2 e4 52. f3 e3 53. Bd3
Bd6 54. Ba6 Ke5 55. Bb5 Kd4 56. Ba6 Kc3 57. Bb5 Kd2 58. Kf1 1/2-1/2

[Event "Eesti MV valik"]
[Site "?"]
[Date "2004.??.??"]
[Round "?"]
[White "Syskov, Vjacheslav"]
[Black "Jemeljanov, Anatoli"]
[Result "1-0"]
[WhiteElo "2215"]
[BlackElo "2153"]
[PlyCount "75"]

1. e4 c5 2. Nf3 Nc6 3. Nc3 e5 4. Bc4 Be7 5. O-O d6 6. d3 Bg4 7. h3 Bh5 8. a3
Nf6 9. Be3 O-O 10. g4 Bg6 11. Ba2 Ne8 12. Ne2 Nc7 13. Ng3 Nd4 14. c3 Nxf3+ 15.
Qxf3 Ne6 16. Rad1 Bg5 17. Nf5 Qf6 18. Qh1 Nf4 19. h4 Bxf5 20. hxg5 Qxg5 21.
Bxf4 exf4 22. exf5 Qxg4+ 23. Qg2 Qxf5 24. Bd5 Rab8 25. Rfe1 b6 26. Re7 a5 27.
Be4 Qf6 28. Re1 g6 29. Bd5 b5 30. R1e2 b4 31. axb4 cxb4 32. c4 a4 33. Ra7 a3
34. b3 Qc3 35. Qg5 f3 36. Ree7 a2 37. Rxa2 Qxb3 38. Qf6 1-0

[Event "Eesti MV valik"]
[Site "?"]
[Date "2004.??.??"]
[Round "?"]
[White "Siemer, Tambet"]
[Black "Lelumees, Brait"]
[Result "1-0"]
[WhiteElo "2143"]
[BlackElo "2216"]
[PlyCount "73"]

1. d4 Nf6 2. c4 g6 3. Nc3 d5 4. Nf3 Bg7 5. e3 O-O 6. cxd5 Nxd5 7. Bc4 Nb6 8.
Bb3 Bg4 9. h3 Bxf3 10. Qxf3 c6 11. O-O N8d7 12. Rd1 e5 13. d5 c5 14. e4 Nc8 15.
Qe2 a6 16. a4 b6 17. Bc4 Nb8 18. Be3 Nd6 19. Bd3 Qc7 20. b3 f5 21. f3 f4 22.
Bf2 Rc8 23. Rdc1 Qb7 24. Nd1 Nd7 25. Nb2 Bf6 26. Nc4 Nf7 27. Qd2 Bd8 28. Na3
Nd6 29. b4 cxb4 30. Qxb4 Rxc1+ 31. Rxc1 Be7 32. Rc6 Kf7 33. Rxd6 a5 34. Rxd7
axb4 35. Rxb7 bxa3 36. d6 Rxa4 37. Bb1 1-0

[Event "Eesti MV valik"]
[Site "?"]
[Date "2004.??.??"]
[Round "?"]
[White "Karjakin, Sergei"]
[Black "Jeremejev, Anton"]
[Result "1-0"]
[WhiteElo "2217"]
[BlackElo "2139"]
[PlyCount "119"]

1. d4 Nf6 2. c4 d5 3. cxd5 g6 4. Nc3 Nxd5 5. e4 Nxc3 6. bxc3 c5 7. Nf3 Bg7 8.
Rb1 Nc6 9. d5 Bxc3+ 10. Bd2 Bxd2+ 11. Qxd2 Nb8 12. h4 h5 13. Bb5+ Kf8 14. O-O
f6 15. e5 Kg7 16. Rfe1 Bg4 17. exf6+ exf6 18. d6 Rf8 19. Bc4 Re8 20. Qd5 Rxe1+
21. Rxe1 Nc6 22. Qf7+ Kh6 23. Bd3 Qg8 24. Qxf6 Re8 25. Ne5 Rxe5 26. Rxe5 Nxe5
27. Qxe5 Qd8 28. f3 Bd7 29. g3 Qe8 30. f4 b5 31. Kf2 Qf7 32. Ke3 c4 33. Bc2 a5
34. Kd4 Kh7 35. Qxh5+ Kg7 36. Qe5+ Kg8 37. Be4 Be6 38. Qxb5 Qg7+ 39. Kc5 Qf8
40. Qxa5 Kh7 41. h5 Kh6 42. hxg6 Qe8 43. Bc6 Qxg6 44. Qc3 Qf7 45. Qe5 Qa7+ 46.
Kb4 Qb6+ 47. Qb5 Qd4 48. Qg5+ Kh7 49. Qe7+ Kh8 50. Qxe6 c3+ 51. Kb3 Qb6+ 52.
Kxc3 Qxc6+ 53. Kd4 Qg2 54. d7 Qb2+ 55. Ke4 Qe2+ 56. Kf5 Qh5+ 57. Kf6 Qg6+ 58.
Ke5 Qh5+ 59. Kd6 Qd1+ 60. Ke7 1-0

[Event "Eesti MV valik"]
[Site "?"]
[Date "2004.??.??"]
[Round "?"]
[White "Hansumae, Juri"]
[Black "Dubrovin, Robert"]
[Result "1/2-1/2"]
[WhiteElo "2137"]
[BlackElo "2219"]
[PlyCount "118"]

1. d4 Nf6 2. c4 e6 3. Nf3 b6 4. Nc3 Bb7 5. Bg5 Bb4 6. a3 Bxc3+ 7. bxc3 h6 8.
Bf4 d6 9. h3 Ne4 10. Qc2 Nd7 11. e3 f5 12. Be2 O-O 13. Nd2 e5 14. Bh2 Nxd2 15.
Kxd2 Bxg2 16. Rhg1 Be4 17. Qa4 Qe7 18. f3 Bb7 19. Rae1 a6 20. Qb3 Kh8 21. a4 a5
22. Rg6 Rf6 23. Reg1 Rxg6 24. Rxg6 Re8 25. d5 Qf7 26. Rg3 Nc5 27. Qc2 Bc8 28.
Rg2 Bd7 29. e4 Bxa4 30. Qb1 Bd7 31. h4 g6 32. Bg1 Kh7 33. Be3 f4 34. Bf2 Nxe4+
35. fxe4 f3 36. Rg3 fxe2 37. Kxe2 h5 38. Be3 Bg4+ 39. Kd2 Rf8 40. Rg2 Qf1 41.
Qxf1 Rxf1 42. Rf2 Rxf2+ 43. Bxf2 Bf3 44. Kd3 Bg2 45. Be3 Bf1+ 46. Kd2 Bxc4 47.
Bg5 Kg7 48. Bd8 Kf7 49. Bxc7 Ke7 50. Bxb6 a4 51. Be3 a3 52. Kc2 Bd3+ 53. Kb3
Bxe4 54. Kxa3 Bxd5 55. Kb2 Bc4 56. Kc1 Ke6 57. Kd2 Kf5 58. Bg5 d5 59. Ke3 Ba6
1/2-1/2

[Event "Eesti MV valik"]
[Site "?"]
[Date "2004.??.??"]
[Round "?"]
[White "Shlykov, Vitali"]
[Black "Pahkla, Peeter"]
[Result "1/2-1/2"]
[WhiteElo "2229"]
[BlackElo "2136"]
[PlyCount "147"]

1. d4 Nf6 2. c4 g6 3. Nc3 d5 4. Nf3 Bg7 5. Bf4 c6 6. e3 O-O 7. Bd3 Nbd7 8. O-O
a6 9. Rc1 dxc4 10. Bxc4 b5 11. Bd3 c5 12. a3 c4 13. Bc2 Nb6 14. e4 Bb7 15. Qe2
e6 16. Rfd1 Nh5 17. Bg3 Nxg3 18. hxg3 Qe7 19. Qe3 Nd7 20. e5 Nb6 21. Be4 Nd5
22. Nxd5 Bxd5 23. g4 h6 24. g3 Qb7 25. Nd2 Rfd8 26. Kg2 Rd7 27. Bxd5 Rxd5 28.
Nf3 Rad8 29. Qe4 R5d7 30. Qxb7 Rxb7 31. Kf1 Rbd7 32. Ke2 f6 33. a4 fxe5 34.
dxe5 Rd3 35. axb5 axb5 36. Rxd3 Rxd3 37. Rd1 Rb3 38. Rd2 c3 39. bxc3 Rxc3 40.
Rd8+ Kf7 41. Rd7+ Kf8 42. Nd4 Bxe5 43. Nxb5 Rb3 44. Nd6 Bxd6 45. Rxd6 Kf7 46.
Rd3 Rb4 47. Kf3 Kf6 48. Re3 e5 49. Re4 Rb3+ 50. Re3 Rb2 51. Re2 Rb1 52. Re3 Rd1
53. Re4 Ke6 54. Ra4 Rd3+ 55. Kg2 Rd6 56. Kf3 Kf6 57. Re4 Rd3+ 58. Re3 Rd5 59.
Ke4 Ra5 60. Kf3 Kg5 61. Re4 Ra3+ 62. Kg2 Kf6 63. Kh3 Rd3 64. Kg2 Ke6 65. f4 Rd5
66. Rxe5+ Rxe5 67. fxe5 Kxe5 68. Kf3 Kd4 69. Kf4 g5+ 70. Kf5 Ke3 71. Kg6 Kf3
72. Kxh6 Kxg4 73. Kg6 Kxg3 74. Kxg5 1/2-1/2

[Event "Eesti MV valik"]
[Site "?"]
[Date "2004.??.??"]
[Round "?"]
[White "Siil, Marko"]
[Black "Kuusk, Indrek"]
[Result "0-1"]
[WhiteElo "2136"]
[BlackElo "2248"]
[PlyCount "36"]

1. d4 d5 2. Nc3 e6 3. e4 Bb4 4. a3 Bxc3+ 5. bxc3 dxe4 6. Qg4 Nf6 7. Qxg7 Rg8 8.
Qh6 c5 9. Bb5+ Bd7 10. Bxd7+ Nbxd7 11. Ne2 Rxg2 12. Ng3 Qa5 13. Bd2 Rxf2 14.
Qh4 e3 15. Bxe3 Rxc2 16. O-O Qxc3 17. Bg5 O-O-O 18. Bxf6 Qd2 0-1

[Event "Eesti MV valik"]
[Site "?"]
[Date "2004.??.??"]
[Round "?"]
[White "Tsiganova, Monika"]
[Black "Narva, Regina"]
[Result "1-0"]
[WhiteElo "2289"]
[BlackElo "2084"]
[PlyCount "73"]

1. d4 d5 2. c4 dxc4 3. Nf3 Nf6 4. e3 e6 5. Bxc4 c5 6. Nc3 a6 7. a4 Nc6 8. O-O
Be7 9. h3 O-O 10. Bd3 g6 11. dxc5 Bxc5 12. Qe2 Qc7 13. Bd2 Rd8 14. Rac1 Qe7 15.
e4 Nh5 16. Be3 Bd6 17. Bb1 Nf4 18. Qc4 Qf6 19. e5 Nxe5 20. Ne4 Nxf3+ 21. Kh1
Qe5 22. Nxd6 Nxh3 23. gxf3 Rxd6 24. Qg4 Qh5 25. Qxh5 gxh5 26. Rfd1 Rxd1+ 27.
Rxd1 Kg7 28. Rd8 Kf6 29. f4 e5 30. fxe5+ Kxe5 31. Re8+ Kf6 32. Be4 Bf5 33. Bd4+
Kg5 34. Rxa8 Bxe4+ 35. Kh2 Nf4 36. Re8 Kf5 37. Re5+ 1-0

[Event "Eesti MV valik"]
[Site "?"]
[Date "2004.??.??"]
[Round "?"]
[White "Kunitsyn, Nikolai"]
[Black "Valner, Uku"]
[Result "1/2-1/2"]
[WhiteElo "2065"]
[BlackElo "1947"]
[PlyCount "108"]

1. e4 e6 2. d4 b6 3. Bd3 Bb7 4. Ne2 Nf6 5. f3 d6 6. O-O Be7 7. c4 Nbd7 8. Nbc3
c5 9. d5 Ne5 10. f4 Nxd3 11. Qxd3 a6 12. e5 Ng8 13. Qf3 exd5 14. Nxd5 Qd7 15.
Nec3 dxe5 16. fxe5 f6 17. Qg3 Kf8 18. exf6 Nxf6 19. Bh6 gxh6 20. Nxf6 Qd4+ 21.
Kh1 Bxf6 22. Rad1 Rg8 23. Rxd4 Rxg3 24. Rxf6+ Ke7 25. Rd7+ Kxf6 26. hxg3 Rb8
27. Rxh7 Kg6 28. Rd7 b5 29. cxb5 axb5 30. Nxb5 Bxg2+ 31. Kxg2 Rxb5 32. Rd2 Ra5
33. b3 Ra3 34. Rc2 Kf6 35. Kh3 Kg6 36. Kh4 Ra8 37. g4 Ra7 38. Kg3 Ra8 39. Kf4
Ra7 40. Ke5 Kg5 41. Rg2 Rd7 42. Rc2 Kxg4 43. Rxc5 h5 44. Rc4+ Kg3 45. Rc3+ Kg4
46. a4 h4 47. Ke6 Rd1 48. Rc8 h3 49. Rg8+ Kf3 50. a5 h2 51. Rh8 Kg2 52. Rg8+
Kf2 53. Rh8 Kg2 54. Rg8+ Kf2 1/2-1/2

[Event "Eesti MV valik"]
[Site "?"]
[Date "2004.??.??"]
[Round "?"]
[White "Zjukin, Sergei"]
[Black "Gjulumjan, Artur"]
[Result "1/2-1/2"]
[WhiteElo "2377"]
[BlackElo "1994"]
[PlyCount "68"]

1. e4 c5 2. Nf3 Nc6 3. d4 cxd4 4. Nxd4 e5 5. Nb5 d6 6. c4 a6 7. N5c3 Nf6 8. Bd3
Be7 9. O-O h6 10. Na3 Nd4 11. Nc2 Bg4 12. f3 Nxc2 13. Bxc2 Be6 14. Ba4+ Kf8 15.
Nd5 Bxd5 16. cxd5 Qb6+ 17. Kh1 g5 18. Qe2 Qb4 19. Bc2 Kg7 20. a3 Qb6 21. b4 Qc7
22. Bd3 Bd8 23. g3 Qe7 24. f4 Nd7 25. Bb2 f6 26. fxe5 fxe5 27. Rf5 Rf8 28. Rxf8
Qxf8 29. Qg4 Nf6 30. Qf5 Qe7 31. Rc1 Bb6 32. Rc8 Rxc8 33. Qxc8 Qd7 34. Qxd7+
Nxd7 1/2-1/2